Janine's Pokemon - Statistics

General Stats
  • This quiz has been taken 3 times
  • The average score is 9 of 17
Answer Stats
She uses it in Answer % Correct
Unova Arbok
100%
Stadium Muk
100%
Kanto/Johto Venomoth
100%
Kanto/Johto Weezing
100%
Kanto/Johto Crobat
67%
Kanto/Johto Ariados
33%
Johto Drapion
33%
Stadium Forretress
33%
Stadium Girafarig
33%
Stadium Gligar
33%
Stadium Meganium
33%
Unova Nidoqueen
33%
Unova Roserade
33%
Stadium Stantler
33%
Unova Tentacruel
33%
Johto Toxicroak
33%
Stadium Vaporeon
33%
No matching quizzes found
Score Distribution
Percent of People with Each Score
Percentile by Number Answered
Your Score History
You have not taken this quiz